| 000 | 01280nam a22003254a 4500 | ||
|---|---|---|---|
| 001 | ebr10005071 | ||
| 003 | CaPaEBR | ||
| 006 | m u | ||
| 007 | cr cn||||||||| | ||
| 008 | 001212s2001 txua s 001 0deng | ||
| 010 | _z 00069075 | ||
| 020 | _z1574411330 (alk. paper) | ||
| 040 |
_aCaPaEBR _cCaPaEBR |
||
| 035 | _a(OCoLC)614677144 | ||
| 050 | 1 | 4 |
_aDS558.5 _b.J65 2001eb |
| 082 | 0 | 4 |
_a959.704/37 _aB _221 |
| 100 | 1 |
_aJohnson, James D., _d1940- |
|
| 245 | 1 | 0 |
_aCombat chaplain _h[electronic resource] : _ba thirty-year Vietnam battle / _cby James D. Johnson. |
| 250 | _a1st ed. | ||
| 260 |
_aDenton, TX : _bUniversity of North Texas Press, _cc2001. |
||
| 300 |
_aix, 299 p. : _bill. |
||
| 500 | _aIncludes index. | ||
| 533 |
_aElectronic reproduction. _bPalo Alto, Calif. : _cebrary, _d2013. _nAvailable via World Wide Web. _nAccess may be limited to ebrary affiliated libraries. |
||
| 600 | 1 | 0 |
_aJohnson, James D., _d1940- |
| 650 | 0 |
_aVietnam War, 1961-1975 _vPersonal narratives, American. |
|
| 650 | 0 |
_aVietnam War, 1961-1975 _xChaplains _zUnited States. |
|
| 655 | 7 |
_aElectronic books. _2local |
|
| 710 | 2 | _aebrary, Inc. | |
| 856 | 4 | 0 |
_uhttp://site.ebrary.com/lib/rucke/Doc?id=10005071 _zAn electronic book accessible through the World Wide Web; click to view |
| 999 |
_c3293 _d3293 |
||